000
00297nam a22001337a 4500
008
170807b xxu||||| |||| 00| 0 eng d
020
_a
9780072866094
041
_a
eng
080
_2
2ND
_a
004
100
_a
34
101
_a
SHK
245
_a
PROGRAMMING LANGUAGES
_c
TUCKER,A.B
942
_2
udc
_c
BK
999
_c
22850
_d
22850